Sadzobník pre navrhovanie ponukových cien projektových prác a inžinierskych činností novela 2009

Bibliographic Details
Format: Book
Language:Slovak
PhysicalDescription:198 s. tab. 21 cm
Published: Bratislava R UNIKA 2009
ISBN:9788088966692 (brož.)
Edition:1. vyd.
Subjects:

MARC

LEADER 00000cam a2200000 a 4500
001 vtls009505348
003 SK-MaSNL
005 20260426012039.0
008 160114s2009 xo l f f 000 0 slo
015 |a SNBF2010/02-01403 
020 |a 9788088966692 (brož.) 
035 |a 4CB15BA8-6D8E-42F7-96ED-CC3CCCAE3369 
035 |a urn:nbn:sk:snk-amk1fc 
035 |a urn:nbn:sk:snk-am0087hj 
040 |a SNK  |b slo  |c SNK  |e AACR2 
041 0 |a slo 
043 |a e-xo--- 
044 |a xo  |c SK 
072 7 |a 349  |x Pracovné, sociálne, stavebné právo. Právo životného prostredia  |2 konspekt 
080 |a 349.114  |2 2001 
080 |a 005.933.1  |2 2001 
080 |a 338.51  |2 2001 
080 |a (437.6)  |2 2001 
080 |a (085.7)  |2 2001 
080 |a (035)  |2 2001 
245 0 0 |a Sadzobník pre navrhovanie ponukových cien projektových prác a inžinierskych činností  |b novela 2009 
250 |a 1. vyd. 
260 |a Bratislava  |b R UNIKA  |c 2009 
300 |a 198 s.  |b tab.  |c 21 cm 
650 0 7 |a inžinierske staviteľstvo  |2 SNKPH  |9 725 
650 0 7 |a projektovanie  |2 SNKPH  |9 4997 
650 0 7 |a právne zmluvy  |2 SNKPH  |9 4612 
650 0 7 |a kalkulácie cien  |2 SNKPH  |9 2114 
651 7 |a Slovensko  |2 SNKPH  |9 14231 
655 7 |a sadzobníky  |2 SNKPH  |9 74712 
655 7 |a príručky  |2 SNKPH  |9 74364 
919 |a 978-80-88966-69-2 
958 |a OND 
999 |c 1087400  |d 1089330 
952 |a SNK  |b SNK  |y PREZ  |7 0  |p 17A0620051  |o snkSC 135526  |i snk2009/8164  |8 0  |0 0  |1 0  |4 0  |d 2009-05-05  |l 0  |r 2025-07-01 00:00:00  |w 2026-02-24 
952 |a SNK  |b SNK  |y VYP  |7 0  |p 17A0620050  |o snkSC 135526 D1  |i snk2009/8165  |8 0  |0 0  |1 0  |4 0  |d 2009-05-05  |f 1  |l 0  |r 2026-02-24 16:46:21  |w 2026-02-24